Phase equilibria in multicomponent systems / (Record no. 11916)

MARC details
000 -LEADER
fixed length control field 01124nam a2200289 i 4500
003 - CONTROL NUMBER IDENTIFIER
control field EG-ScBUE
005 - DATE AND TIME OF LATEST TRANSACTION
control field 20250716083124.0
008 - FIXED-LENGTH DATA ELEMENTS--GENERAL INFORMATION
fixed length control field 090621s1964 nyua f b 001 0 eng d
040 ## - CATALOGING SOURCE
Original cataloging agency EG-ScBUE
Language of cataloging eng
Description conventions rda
Transcribing agency EG-ScBUE
Modifying agency EG-ScBUE
041 1# - LANGUAGE CODE
Language code of text/sound track or separate title eng
Language code of original and/or intermediate translations of text rus
082 04 - DEWEY DECIMAL CLASSIFICATION NUMBER
Edition number 22
Classification number 541.363
Item number PAL
100 1# - MAIN ENTRY--PERSONAL NAME
Personal name Palatnik, L. S.
Fuller form of name (Lev Samoĭlovich),
Dates associated with a name 1909-
Relator term author.
245 ## - TITLE STATEMENT
Title Phase equilibria in multicomponent systems /
Statement of responsibility, etc L. S. Palatnik and A. I. Landau ; translated by Scripta Technica, Inc ; edited by Joseph Joffe, chairman.
264 #1 - PUBLICATION, DISTRIBUTION, ETC. (IMPRINT)
Place of publication, distribution, etc New York :
Name of publisher, distributor, etc Holt, Rwinhart and Winston,
Date of publication, distribution, etc 1964.
300 ## - PHYSICAL DESCRIPTION
Extent 454 pages :
Other physical details illustrations ;
Dimensions 29 cm
336 ## - CONTENT TYPE
Source rdacontent
Content type term text
Content type code txt
337 ## - MEDIA TYPE
Media type term unmediated
Source rdamedia
Media type code n
338 ## - CARRIER TYPE
Carrier type term volume
Carrier type code nc
Source rdacarrier
504 ## - BIBLIOGRAPHY, ETC. NOTE
Bibliography, etc Includes bibliographical references and index.
546 ## - LANGUAGE NOTE
Language note Text in English ; translated from the original Russian language.<br/>
650 #7 - SUBJECT ADDED ENTRY--TOPICAL TERM
9 (RLIN) 6254
Topical term or geographic name as entry element Phase rule and equilibrium.
Source of heading or term BUEsh
655 ## - INDEX TERM--GENRE/FORM
Form subdivision Reading book
700 1# - ADDED ENTRY--PERSONAL NAME
Personal name Landau, A. I.,
Relator term author.
700 1# - ADDED ENTRY--PERSONAL NAME
Personal name Technica, Scripta,
Relator term translator.
700 1# - ADDED ENTRY--PERSONAL NAME
Personal name Joffe, Joseph,
Relator term editor.
942 ## - ADDED ENTRY ELEMENTS (KOHA)
Source of classification or shelving scheme Dewey Decimal Classification
Koha item type Book - Borrowing
Holdings
Withdrawn status Lost status Source of classification or shelving scheme Damaged status Not for loan Collection code Home library Current library Shelving location Date acquired Source of acquisition Cost, normal purchase price Total Checkouts Full call number Barcode Date last seen Koha item type
    Dewey Decimal Classification     Alef-Baa Central Library Central Library First floor 21/06/2009 Purchase 150.00   541.363 PAL 000017036 15/07/2025 Book - Borrowing